Kenyan Periodicals Directory. (Record no. 1826)

MARC details
000 -LEADER
fixed length control field 01788cas a2200445 a 4500
001 - CONTROL NUMBER
control field 11306294
003 - CONTROL NUMBER IDENTIFIER
control field OSt
005 - DATE AND TIME OF LATEST TRANSACTION
control field 20230620145642.0
008 - FIXED-LENGTH DATA ELEMENTS--GENERAL INFORMATION
fixed length control field 850516c19859999ke gr r f0 a0eng
010 ## - LIBRARY OF CONGRESS CONTROL NUMBER
LC control number 85980150
016 7# - NATIONAL BIBLIOGRAPHIC AGENCY CONTROL NUMBER
Record control number 013084043
Source Uk
035 ## - SYSTEM CONTROL NUMBER
System control number (OCoLC)ocm12043064
037 ## - SOURCE OF ACQUISITION
Source of stock number/acquisition Kenya National Library Service, National Reference & Bibliographic Dept., P.O. Box 30573, Nairobi, Kenya
040 ## - CATALOGING SOURCE
Original cataloging agency DLC
Language of cataloging eng
Transcribing agency DLC
Modifying agency IUL
-- NST
-- HUL
-- NST
-- ZCU
-- DLC
-- UKMGB
-- OCLCQ
-- OCLCO
-- OCLCA
-- OCLCQ
-- OCLCA
-- OCLCF
-- PUL
042 ## - AUTHENTICATION CODE
Authentication code pcc
043 ## - GEOGRAPHIC AREA CODE
Geographic area code f-ke---
050 00 - LIBRARY OF CONGRESS CALL NUMBER
Classification number Z6960.K4
Item number K43
Classification number PN5499.K4
082 04 - DEWEY DECIMAL CLASSIFICATION NUMBER
Classification number 050.6762
Edition number 19
Item number KNL
245 00 - TITLE STATEMENT
Title Kenyan Periodicals Directory.
246 1# - VARYING FORM OF TITLE
Display text Issues for 1986/1996- have title:
Title proper/short title Kenya periodicals directory
246 13 - VARYING FORM OF TITLE
Title proper/short title KPD
260 ## - PUBLICATION, DISTRIBUTION, ETC. (IMPRINT)
Place of publication, distribution, etc. Nairobi :
Name of publisher, distributor, etc. Kenya National Library Service, National Reference & Bibliographic Dept.,
Date of publication, distribution, etc. ©1984-
300 ## - PHYSICAL DESCRIPTION
Extent volumes ;
Dimensions 30 cm
310 ## - CURRENT PUBLICATION FREQUENCY
Current publication frequency Irregular,
Date of current publication frequency 1986/1996-<1997/1999>
321 ## - FORMER PUBLICATION FREQUENCY
Former publication frequency Biennial,
Dates of former publication frequency 1984/1985
336 ## - CONTENT TYPE
Content type term text
Content type code txt
Source rdacontent
337 ## - MEDIA TYPE
Media type term unmediated
Media type code n
Source rdamedia
338 ## - CARRIER TYPE
Carrier type term volume
Carrier type code nc
Source rdacarrier
362 0# - DATES OF PUBLICATION AND/OR SEQUENTIAL DESIGNATION
Dates of publication and/or sequential designation 1984-85-
588 ## - SOURCE OF DESCRIPTION NOTE
Source of description note Latest issue consulted: 1997/1999.
590 ## - LOCAL NOTE (RLIN)
Local note SERBIB/SERLOC merged record
650 #0 - SUBJECT ADDED ENTRY--TOPICAL TERM
Topical term or geographic name as entry element Kenyan periodicals
Form subdivision Directories.
650 #7 - SUBJECT ADDED ENTRY--TOPICAL TERM
Topical term or geographic name as entry element Kenyan periodicals.
Source of heading or term fast
Authority record control number (OCoLC)fst00986827
655 #7 - INDEX TERM--GENRE/FORM
Genre/form data or focus term Directories.
Source of term fast
Authority record control number (OCoLC)fst01423796
655 #7 - INDEX TERM--GENRE/FORM
Genre/form data or focus term Directories.
Source of term lcgft
Authority record control number http://id.loc.gov/authorities/genreForms/gf2014026087
-- (uri) http://id.loc.gov/authorities/genreForms/gf2014026087
710 2# - ADDED ENTRY--CORPORATE NAME
Corporate name or jurisdiction name as entry element Kenya National Library Service.
Subordinate unit National Reference & Bibliographic Department.
906 ## - LOCAL DATA ELEMENT F, LDF (RLIN)
a 7
b cbc
c serials
d 3
e ncip
f 19
g n-oclcserc
942 ## - ADDED ENTRY ELEMENTS (KOHA)
Source of classification or shelving scheme Dewey Decimal Classification
Koha item type Books
Holdings
Withdrawn status Lost status Source of classification or shelving scheme Damaged status Not for loan Home library Current library Date acquired Total Checkouts Full call number Barcode Date last seen Price effective from Koha item type
    Dewey Decimal Classification     Bunge Tower Library Bunge Tower Library 06/20/2023   050.6762 KNL 10014361 06/20/2023 06/20/2023 Books
    Dewey Decimal Classification     Bunge Tower Library Bunge Tower Library 06/20/2023   050.6762 KNL 10014362 06/20/2023 06/20/2023 Books
LIBRARY OPENING HOURS

When the Parliament is sitting: 8.00a.m - 7.00p.m or until the house adjourns
Mondays and Fridays and when the House is on Recess:  8.00a.m - 5.00p.m
Closed on Weekends and Public Holidays

Online Public Access Catalog (OPAC)
Website: http://www.parliament.go.ke
Bunge Library: https://libraryir.parliament.go.ke
Contact: library@parliament.go.ke | Tel no: (254-2)2221291 or 2848000 Ext 5043